000
00334nam a22001457a 4500
008
210304b ||||| |||| 00| 0 eng d
020
_a
9780470108307
041
_a
eng
080
_2
2nd
_a
541
082
_a
541
100
_a
12
101
_a
KIM
245
_a
Matter & Interactions Modern Mechanics
_c
Chabay, R.W
942
_2
udc
_c
BK
999
_c
55722
_d
55722